000
00340pam a2200157a 44500
008
230515b1904 xxu||||| |||| 00| 0 eng d
020
_a
NULL
041
_a
MARATHI
082
_a
1
100
_a
GARDHE
245
_a
SHARTH MADHAVNIDAN
250
_a
1
260
_a
SANGALI
_b
N.D.
_c
1904
300
_a
100
650
_a
SHARTH MADHAVNIDAN
999
_c
496936
_d
496936